Todo el mundo (Record no. 157761)

MARC details
000 -LEADER
campo de control de longitud fija 00771nam a2200181 i 4500
001 - NÚMERO DE CONTROL
campo de control 157761
003 - IDENTIFICADOR DE NÚMERO DE CONTROL
campo de control ES-MaACL
005 - FECHA Y HORA DE LA ÚLTIMA TRANSACCIÓN
campo de control 20250718062545.0
008 - DATOS DE LONGITUD FIJA--INFORMACIÓN GENERAL
campo de control de longitud fija 020821s1876 sp |||| | spa d
100 1# - ENTRADA PRINCIPAL--NOMBRE DE PERSONA
Nombre de persona Liniers, Santiago de Liniers y Gallo Alcántara,
Títulos y otros términos asociados al nombre Conde de,
Fechas asociadas al nombre 1842-1908
9 (RLIN) 128961
245 10 - MENCIÓN DEL TÍTULO
Título Todo el mundo
Resto del título : breves apuntes acerca de lo más importante que debe saber y de lo más preciso que debe ignorar el hombre moderno, para vivir correctamente en la patria, en la sociedad y en la familia /
Mención de responsabilidad, etc. por Santiago de Liniers.
260 ## - PUBLICACIÓN, DISTRIBUCIÓN, ETC.
Lugar de publicación, distribución, etc. Madrid :
Nombre del editor, distribuidor, etc. [s.n.],
Fecha de publicación, distribución, etc. 1876 (
Fabricante Imp. de F. Maroto)
300 ## - DESCRIPCIÓN FÍSICA
Extensión 341 p. ;
Dimensiones 18 cm.
650 #7 - PUNTO DE ACCESO ADICIONAL DE MATERIA--TÉRMINO DE MATERIA
Término de materia o nombre geográfico como elemento de entrada Ética
Fuente del encabezamiento o término embne
9 (RLIN) 12577
752 ## - ENTRADA AGREGADA--NOMBRE JERÁRQUICO DEL LUGAR
País o entidad superior España -
Ciudad Madrid
852 ## - LOCALIZACIÓN
Ubicación ES-MaACL
Número de control de estantería F-2854
Nota libre - Enc. pasta
Holdings
Estatus retirado Estado de pérdida Estado de daño No para préstamo Colección Biblioteca de origen Biblioteca actual Ubicación en estantería Fecha de adquisición Fuente de adquisición Total de préstamos Signatura topográfica completa Código de barras Visto por última vez Precio de reemplazo Tipo de ítem Koha
        Libros del s. XIX Biblioteca del Ateneo de Madrid Biblioteca del Ateneo de Madrid Depósito 2 17/01/2008     F-2854 1165097 23/02/2023 23/02/2023 Libro impreso antiguo